Electric and Hybrid Vehicles / (Record no. 612925)
[ view plain ]
| 000 -LEADER | |
|---|---|
| fixed length control field | 00350nam a22001337a 4500 |
| 040 ## - CATALOGING SOURCE | |
| Transcribing agency | NUST |
| 082 ## - DEWEY DECIMAL CLASSIFICATION NUMBER | |
| Classification number | 629.2293 |
| Author Mark | DEN |
| 100 ## - MAIN ENTRY--PERSONAL NAME | |
| Personal name | Denton, Tom |
| 9 (RLIN) | 64787 |
| 245 ## - TITLE STATEMENT | |
| Title | Electric and Hybrid Vehicles / |
| Statement of responsibility, etc. | Tom Denton |
| 260 ## - PUBLICATION, DISTRIBUTION, ETC. | |
| Place of publication, distribution, etc. | Oxon : |
| Name of publisher, distributor, etc. | Routledge , |
| Date of publication, distribution, etc. | 2024. |
| 300 ## - PHYSICAL DESCRIPTION | |
| Extent | 246p; , |
| Other physical details | Paperback, |
| Dimensions | 24cm. |
| 700 ## - ADDED ENTRY--PERSONAL NAME | |
| Personal name | Pells, Hayley |
| 9 (RLIN) | 127911 |
| 942 ## - ADDED ENTRY ELEMENTS (KOHA) | |
| Source of classification or shelving scheme | |
| Koha item type | Book |
| Withdrawn status | Lost status | Source of classification or shelving scheme | Damaged status | Not for loan | Permanent Location | Current Location | Shelving location | Date acquired | Total Checkouts | Full call number | Barcode | Date last seen | Date last checked out | Price effective from | Koha item type |
|---|---|---|---|---|---|---|---|---|---|---|---|---|---|---|---|
| School of Mechanical & Manufacturing Engineering (SMME) | School of Mechanical & Manufacturing Engineering (SMME) | General Stacks | 02/19/2025 | 1 | 629.2293 DEN | SMME-4658 | 06/19/2025 | 06/19/2025 | 02/19/2025 | Book |
